The Amazing Race 20 Teams (Picture Click) Quiz Stats

 Plays Quiz not verified by Sporcle

Score 0/11 Timer 02:00
0 Plays Today
% Correct
Brendon & Rachel
93.7%
Dave & Cherie
88.9%
Misa & Maiya
88.9%
Bopper & Mark
87.3%
Elliot & Andrew
87.3%
Rachel & Dave
84.1%
Art & JJ
83.3%
Vanessa & Ralph
82.5%
Kerri & Stacy
77.8%
Joey 'Fitness' & Danny
76.2%
Nary & Jamie
70.6%

You're not logged in!

Compare scores with friends on all Sporcle quizzes.
OR
Log In

Sporcle TV

Today on Sporcle TV


Watch our educational content, quiz creation guides, and fun videos on Sporcle TV.

Show Comments

Extras

Top Quizzes Today


Score Distribution

Your Account Isn't Verified!

In order to create a playlist on Sporcle, you need to verify the email address you used during registration. Go to your Sporcle Settings to finish the process.

Report this User

Report this user for behavior that violates our Community Guidelines.

Details: